000 00646nam a2200277Ia 4500
005 20260324134400.0
008 008 260324s9999 xx 000 0 eng d
020 _a9780203500910
037 _aEBOOK
040 _aCRL
040 _beng
040 _cCRL
041 _2eng
041 _aeng
084 _qCRL
100 _aJohn Coakley
_91196607
245 4 _aThe Territorial Management of Ethnic Conflict
260 _bTaylor and Francis
260 _c2002
365 _a
365 _b160
856 _uhttp://www.taylorfrancis.com/books/9780203500910
942 _cEBOOK
999 _c1796644
_d1796644